Empires disparus - Statistiques

Statistiques générales
  • Ce quiz a été pris 102 fois
  • Le résultat moyen est 5 sur 15
Statistiques - réponses
Hint Réponse % Correct
1299 - 1922 Empire Ottoman
73%
330 - 1453 Empire Byzantin
69%
27 - 476 Empire Romain d'Occident
62%
1721 - 1917 Empire Russe
55%
1871 - 1918 Empire Allemand
49%
962 - 1806 Saint Empire Romain Germanique
41%
1804 - 1815 Premier Empire Français
39%
800 - 843 Empire Carolingien
32%
1439 - 1533 Empire Inca
31%
1852 - 1870 Second Empire français
31%
1804 - 1867 Empire d'Autriche
24%
1370 - 1507 Empire Timouride
4%
1864 - 1867 Second empire mexicain
1%
1464 - 1591 Empire Songhaï
0%
1185 -1396 Second empire bulgare
0%
Aucun quiz correspondant
Distribution des résultats
% des personnes avec chaque résultat
Percentile par nombre de réponses
Votre historique - résultats
Vous n’avez pas pris ce quiz